000 00573nam a2200181Ia 4500
003 GCL
008 140319s9999 xx 000 0 ara d
040 _aGCL /
_cGCL
082 0 4 _aق
_b962.06
_bف ه
100 1 _aفاروق فهمى
245 1 0 _aهيكل وعبدالناصر /
_cفاروق فهمى
300 _a275 ص
490 _aالهيئة العامة للاستعلامات
_v0
650 0 4 _aمحمد حسنين هيكل
650 0 4 _aجمال عبدالناصر
650 0 4 _aمصر - تاريخ - العصر الحديث (1805 - 1956 )
942 _2ddc
_cBK
999 _c49025
_d49025